000 00538nam a2200181 i 4500
001 120813
003 ES-MaACL
005 20250918175835.0
007 t|
008 070214s1931 sp r ||||1| spa d
100 1 _aPolo, María Asunción.
_992866
245 1 0 _aRosal de mi ilusión /
_cMaría Asunción Polo ; prólogo de Antonio Zozaya.
260 _aMadrid :
_bHernando,
_c1931.
300 _a270 p. :
_bil. ;
_c19 cm.
700 1 _aZozaya, Antonio,
_d1859-1943
_9118374
852 _aES-MaACL
_jA-1070
999 _c120813
_d120813